| 000 | 00364nam a2200145Ia 4500 | ||
|---|---|---|---|
| 008 | 230917s9999||||xx |||||||||||||| ||und|| | ||
| 040 |
_e40470 _aMAIN |
||
| 041 | _aEnglish | ||
| 082 | _a810.9 M896I | ||
| 100 | _aMukherjee, Sujit, ed. | ||
| 245 | 0 | _aIndian essays in American literature | |
| 260 |
_aBombay _bPopular _c1969 |
||
| 300 | _axix, 340 p. | ||
| 942 | _cBK | ||
| 999 |
_c45889 _d45889 |
||